Estatísticas para Alfabeto em "ordem alfabética"

Clique aqui para jogar o quiz

Estatísticas Gerais

  • Esse quiz foi jogado 262 vezes
  • A pontuação média é 10 de 26

Estatísticas das Respostas

Resposta% Correto
A
100%
B
53%
H
52%
C
47%
D
44%
E
42%
F
42%
K
42%
W
40%
L
38%
M
37%
N
37%
R
35%
S
34%
G
32%
I
31%
Y
30%
J
29%
O
28%
P
28%
Q
28%
Z
28%
T
26%
U
26%
V
26%
X
26%

Distribuição das Pontuações

Percentil de Números Respondidos

Porcentagem de Pessoas com Cada Pontuação

Sua Pontuação Histórica

Você não jogou esse quiz